| 000 | 00941nam a2200133Ia 4500 | ||
|---|---|---|---|
| 008 | 171212s9999 xx 000 0 und d | ||
| 020 | _a9780833090492 | ||
| 100 | _aHepner, Kimberly A.;Sloss, Elizabeth M.;Roth, Carol P.;Krull, Heather;Paddock, Susan M.;Moen, Shaela;Timmer, Martha J.;Pincus, Harold Alan | ||
| 245 |
_cHepner, Kimberly A.;Sloss, Elizabeth M.;Roth, Carol P.;Krull, Heather;Paddock, Susan M.;Moen, Shaela;Timmer, Martha J.;Pincus, Harold Alan _aQuality of Care for PTSD and Depression in the Military Health System _bPhase I Report |
||
| 260 |
_bRAND Corporation _c2012 |
||
| 650 | _aHealth Sciences | ||
| 650 | _aMedicine, Military -- United States -- Evaluation; United States -- Armed Forces -- Medical care -- Evaluation; Post-traumatic stress disorder -- Treatment -- United States; Depression, Mental -- Treatment -- United States -- Evaluation; Soldiers -- Menta | ||
| 856 | _uhttp://jstor.org/stable/10.7249/j.ctt1b3h9mp | ||
| 999 |
_c352453 _d352453 |
||